000 00510cam a2200181ua 4500
003 OSt
008 241101b |||||||| |||| 00| 0 eng d
020 _a0-89116-406-5
041 _aeng
082 _a621.47
_bKRI/SO
100 _aKreider, Jan F .
_92951
245 _aSolar design: components, systems, economics /
260 _aLondon :
_bHemisphere Publishing Corporation ,
_c1989.
300 _a464 ; .
700 1 _aHoogendoorn, Charles J .
_96360
700 1 _aKreith, Frank .
_92950
942 _cBK
999 _c10782
_d10782